000 01054cam a2200301 a 4500
999 _c25127
_d25127
001 12952047
003 BDDh-ASL
005 20231015030442.0
008 010925s2001 bg a b 000 0beng
010 _a 2001417087
025 _aB-E-2001-417087; 21
035 _a(DLC) 2001417087
037 _bLibrary of Congress -- New Delhi Overseas Office
_cTk100.00
040 _aDLC
_cDLC
_dDLC
_dBDDh-ASL
042 _alcode
050 0 0 _aBP80.A49
_bA53 2001
082 _a922.5492
_bALK
100 1 _aAlamgir, Khoundkar,
_d1953-
245 1 0 _aKhan Jahan (R) :
_bruler, builder, and saint /
_cKhoundkar Alamgir.
260 _aDhaka :
_bParash Publishers,
_c2001.
300 _a54 p. :
_bill. (some col.) ;
_c23 cm.
504 _aIncludes bibliographical references.
520 _aArticles, chiefly, on the architecture of mosques built by the ruler Khan Jahan, d. 1459, in Bagerhat, Bangladesh.
600 1 0 _aKhan Jahan Ali,
_d-1459.
906 _a7
_bcbc
_corigode
_d3
_encip
_f20
_gy-gencatlg
942 _2ddc
_cBK